Customs tariff coordinated according to the unified nomenclature of the Arab league states.
| Format: | Book |
|---|---|
| Published: |
Riyadh:
Ministry of Finance and National E conomy,
1979.
|
| Subjects: |
| LEADER | 00526cam a2200157 7i4500 | ||
|---|---|---|---|
| 001 | 0000004827 | ||
| 005 | 20030916090000.0 | ||
| 002 | ##000006376 | ||
| 020 | 0 | 0 | |a T000005154 |
| 090 | 0 | 0 | |a T 382.7 |b CUS(SAUD) |
| 245 | 0 | 0 | |a Customs tariff coordinated according to the unified nomenclature of the Arab league states. |
| 260 | 0 | 0 | |a Riyadh: |b Ministry of Finance and National E conomy, |c 1979. |
| 300 | # | # | |a 157 p.. |
| 650 | 0 | 0 | |a Tariff -- |z Saudi Arabia |
| 651 | 0 | 0 | |a Saudi Arabia |
| 999 | |a 0000002407 |b Book |c Open shelf |e Business Information Centre | ||